Picture stories from the |Bible the new testament (Record no. 24375)
[ view plain ]
| 000 -LEADER | |
|---|---|
| fixed length control field | 00373nam a2200145Ia 4500 |
| 001 - CONTROL NUMBER | |
| control field | 24169 |
| 008 - FIXED-LENGTH DATA ELEMENTS--GENERAL INFORMATION | |
| fixed length control field | 140410s9999 xx 000 0 und d |
| 040 ## - CATALOGING SOURCE | |
| Transcribing agency | PK-LaUMT |
| 082 ## - DEWEY DECIMAL CLASSIFICATION NUMBER | |
| Classification number | 220.0222 |
| Item number | PIC- |
| 245 ## - TITLE STATEMENT | |
| Title | Picture stories from the |Bible the new testament |
| 260 ## - PUBLICATION, DISTRIBUTION, ETC. (IMPRINT) | |
| Place of publication, distribution, etc | Leicester,England: |
| Name of publisher, distributor, etc | Bible Pictures Inc., |
| Date of publication, distribution, etc | 1943 |
| 300 ## - PHYSICAL DESCRIPTION | |
| Extent | 141 p. |
| 546 ## - LANGUAGE NOTE | |
| Language note | EN |
| 942 ## - ADDED ENTRY ELEMENTS (KOHA) | |
| Koha item type | Books |
| Withdrawn status | Lost status | Damaged status | Not for loan | Home library | Current library | Date acquired | Total Checkouts | Full call number | Barcode | Checked out | Date last seen | Date checked out | Price effective from | Koha item type |
|---|---|---|---|---|---|---|---|---|---|---|---|---|---|---|
| UMT Main Campus | UMT Main Campus | 2014-04-10 | 2 | 220.0222 PIC- | 27100 | 2025-01-10 | 2024-12-27 | 2024-12-27 | 2014-04-24 | Books |
